000 00429nam a22001577a 4500
005 20250521111253.0
008 250521b |||||||| |||| 00| 0 eng d
020 _a0216911168
050 _a13343
_bC.1
100 _aMcLUSKY, DONALD S.
245 _aTHE ESTUARINE ECOSYSSTEM
260 _aLONDON
_bBLACKIE ND SONS LIMITED
_c1981
500 _aINCLUDES INDEXS
650 _aTHE IMPACT OF SECONDARY CONSUMERS
942 _2lcc
_cBK
999 _c215486
_d215486